Quizzes
Events
Quiz Creation
Community
Videos
Private Events
Remove Ads
Sign In
Join for FREE
Feedback
Dark Mode
Quiz Categories
Sports
Geography
Music
Movies
Television
Just For Fun
Miscellaneous
History
Literature
Language
Science
Gaming
Entertainment
Religion
Holiday
For Kids
Quiz Lab
Recent
Popular Today
Quiz Kudos Today
Editor Picks
Curator Picks
Quizzes by...
Day
Popularity
Type
Ratings
Length
Year
Community
Subscriptions
Recent Discussions
Orange Saloon
Badges
Playlists
Quests
Create
Leaderboards
Showdown
Live 5
Trivia Bingo
Activity
Puzzle Library
Sporcle Events
Private Events
Virtual Trivia
Globe League
Become a Host
Pub Owners
SporcleCon
Opinionation
Our Games
Videos
Blog
Mobile Apps
Partnerships
Remove Ads and Go Orange
Feedback
Sports
Athletes
MLB
NBA
NHL
NFL
Soccer
Sports Teams
WWE
NCAA
Football
Premier League
Basketball
Baseball
Hockey
Golf
Tennis
Cricket
Rugby
Auto Racing
Olympics
World Cup
Sports
Athletes
MLB
NBA
NHL
NFL
Soccer
Sports Teams
WWE
NCAA
Football
Premier League
Basketball
Baseball
Hockey
Golf
Tennis
Cricket
Rugby
Auto Racing
Olympics
World Cup
Random Quiz
Search Sporcle
×
Quiz Lab
Quiz Lab
Sports
International
Type in answers that appear in a list
Type in answers that appear in a list
Classic
Best Score? Go Orange.
Any Nets international (foreign born) player Stats
Can you name any Nets international player (slideshow)?
By
pollostori
7m
49 Questions
29 Plays
29 Plays
29 Plays
Comments
Comments
Give Quiz Kudos
Give Quiz Kudos
-
- Ratings
hide this ad
Wrong Answers
Some wrong answers will appear in red
Some wrong answers will appear in red
Replay
Link that replays current quiz
Next Quiz
Link to next quiz in quiz playlist
You Got
0%
They Got
Avg Score
47%
Avg Friend Score
Upgrade to see
Score Distribution
Jump to the score distribution portion of the page
Score
0/49
Timer
07:00
0
Plays Today
info
player
% Correct
SF
???
100%
SG
???
100%
SG/
SF
???
100%
PG
???
100%
SG/
PG
???
93.1%
C/
PF
???
93.1%
C
???
89.7%
C/
PF
???
87.5%
PG
???
87.5%
PF/
SF
???
87.5%
SF/
PF
???
87.5%
PF/
C
???
87.5%
SG
???
86.2%
SG/
SF
???
82.8%
PF/
C
???
82.8%
SF/
PF
???
82.8%
C
???
79.3%
PF/
SF
???
79.3%
PF/
C
???
75.9%
PG
???
75%
SG
???
75%
C
???
75%
C/
PF
???
72.4%
PF/
C
???
72.4%
C
???
69%
info
player
% Correct
SF/
PF
???
65.5%
SG/
SF
???
58.6%
PG
???
58.6%
C
???
58.6%
PG
???
55.2%
C
???
55.2%
C
???
55.2%
C
???
55.2%
C
???
51.7%
C
???
51.7%
SF/
SG
???
48.3%
SG/
SF
???
48.3%
PF/
SF
???
48.3%
C/
PF
???
48.3%
PG
???
44.8%
C
???
37.9%
SF
???
34.5%
PF/
C
???
34.5%
C
???
34.5%
PG
???
27.6%
C
???
27.6%
PF/
C
???
27.6%
C
???
27.6%
C
???
24.1%
Quiz Playlist
Details
Report
Send in Message
Add To Playlist
Classic:
Type in answers that appear in a list
Wrong Answers:
Some wrong answers will appear in red
Last Updated: Mar 16, 2020
Quiz Scoreboard
CHALLENGE
Sign Up to Join the Scoreboard
Show All
Scores
Hide
Comments
May contain spoilers
Recently Published
Billboard Blitz: Fleetwood Mac
by CooCooCachoo
Music
15s
Presidents Visiting Landmarks
by Hejman
History
7m
An Introduction to Baseball
by treessimontrees
Sports
5m
More to Explore
Quiz From the Vault
Featured Blog Post
Where Did the Easter Bunny Come From?
hide this ad
You Might Also Like...
Tags
Brooklyn Nets
Foreign Born
International
Player
Today's Top Quizzes in Sports
Browse Sports
hide this ad
Today's Top Quizzes in International
Browse International
Top Contributed Quizzes in Sports
1
Les meilleurs buteurs des matchs entre le PSG et l’OM
2
2022 World Cup Stars
3
FIFA Club World Cup Champions
4
Les entraîneurs de l'OM et du PSG au 21e siècle
5
Criteria MLB: Left Handed Sluggers
6
Name the Premier League winners with different clubs
7
5-to-1: UK Sports Teams
8
AFC Teams Reveal (Wrong Answers Minefield)
9
Players with Multiple 50 Home Run Seasons
10
5-to-1: FBS Animal Nicknames
Explore More
Trending Topics
NBA
Kpop
Anime
Marvel
Crossword
Disney
Harry Potter
Song
Puzzle
WWE
The Office
Country
Soccer
NFL
Pokémon
hide this ad
More By:
pollostori
Quiz
Plays
Rating
Category
Featured
Created
1956-2023 Champions League finals scorers, capt.& coach
282
Sports
Feb 2, 2017
All NBA African players (as 2022-23)
247
2.00
Sports
Jan 31, 2017
Top winning players in history
148
Sports
Jan 16, 2018
NBA multiple championship rings (47-23)
128
Sports
Feb 3, 2017
1930-2022 World CUP finals scorers, capt.& coach
108
Sports
Apr 26, 2019
Go to Creator's Profile
Score Distribution
Quiz Creator Spotlight
pollostori
Follow
Send a Message
Quizzes Created
-
Created Quiz Play Count
-
More By This Creator
Popular Quizzes Today
1
Find the US States - No Outlines Minefield
2
Find the Countries of Europe - No Outlines Minefield
3
The Countries of the World
4
Find the US States
5
Risky Map Clicking: Biggest States A-Z
6
US States
7
Popular People in 1961
8
Movies - When Are They Set?
More Sports Quizzes
NBA Career Scoring Leaders
Published
Trending Quizzes
Risky Map Clicking: Least Populous States A-Z
1-10 Letter G Words
1-10 Letter F Words
Risky Map Clicking: Next State Alphabetically
Risky Map Clicking: Biggest States A-Z
Recently Updated
Leaping Animals
pecheneg
Reality TV Shows (A-Z)
bhenderson79
Rickey Henderson's Hall of Fame Teammates
pecheneg
Champions League XIs: Arsenal
pecheneg
Quick Pick: Celebrities in WWE's Hall of Fame
aduchscher
A-Z Keypad Blitz II
pecheneg
Multiple Oscar Actors
pecheneg
Mystery Phrase Blitz: Oscar 'Best Actors'
pecheneg
F. Scott Fitzgerald Novels
LTH
Pick 3 Villains
ddd62291
Trending Topics
Disney
Crossword
Marvel
NBA
Harry Potter
Anime
Kpop
Pokémon
Soccer
NFL
The Office
WWE
Country
Song
Puzzle
Your Account Isn't Verified!
In order to create a playlist on Sporcle, you need to verify the email address you used during registration. Go to your
Sporcle Settings
to finish the process.
Report this User
Report this user for behavior that violates our
Community Guidelines
.
Details:
Send Report
Go to the Sporcle.com Mobile Site →
Comments